Á lódáil...

Electrical engineering /

Sonraí Bibleagrafaíochta
Príomhúdar: Handa, M.
Údair Eile: Handa, A.
Formáid: Printed Book
Teanga:English
Foilsithe: New Delhi: Tech India, 1997.
Eagrán:6th.
Ábhair:
LEADER 00629cam a2200217ua 4500
008 060815t1997||||||||||| 00 ||eng c
020 |a 81-7684-043-2 
041 0 |a eng 
082 |a 621.3  |b HAN/E 
100 |a Handa, M.,  
245 0 0 |a Electrical engineering /  
250 |a 6th. 
260 |a New Delhi:  |b Tech India,  |c 1997. 
300 |a 1056p.. 
362 1 |a 1997. 
365 |a Rs.250/-  |e pb 
650 0 |a Electrical engineering-Examinations 
700 0 2 |a Handa, A.  
942 |c REF 
999 |c 5285  |d 5285 
952 |0 0  |1 0  |4 0  |6 621_300000000000000_HAN  |7 0  |9 5553  |a KUCL  |b KUCL  |d 2014-05-23  |l 0  |o 621.3 HAN/  |p 09174  |r 2017-03-09  |w 2014-05-23  |y REF